Zápisnice generálného konwentu, ktrýž... 1866

Bibliographic Details
Format: Book
Language:English
PhysicalDescription:13 s.
Published: Pesst [s.n.] 1867

MARC

LEADER 00000nam a2200000 a 4500
001 vtls009289153
003 SK-MaSNL
005 20260224121737.0
008 150417 000 0 eng
040 |a SNK  |b slo  |c SNK  |e AACR2 
041 0 |a eng 
245 0 0 |a Zápisnice generálného konwentu, ktrýž... 1866 
260 |a Pesst  |b [s.n.]  |c 1867 
300 |a 13 s. 
999 |c 1000404  |d 1002334 
952 |a SNK  |b SNK  |y PREZ  |7 0  |p 17A0808390  |o snkSB 16104  |0 0  |1 0  |4 0  |d 2012-07-23  |f 1  |l 0  |r 2026-02-24 12:17:38  |w 2026-02-24 
952 |a SNK  |b SNK  |y VYP  |7 0  |p 17A0585147  |o snkSB 16104 D1  |i snkF 1558/89  |8 5  |3 rekatalogizácia  |0 0  |1 0  |4 0  |d 2008-04-24  |l 0  |r 2026-02-24 12:17:38  |w 2026-02-24